Carregando...

Campus days

Detalhes bibliográficos
Autor principal: Karthikeyan,Shornur
Formato: Printed Book
Idioma:Malayalam
Publicado em: Pen Books, 2007.
LEADER 00431nam a22001217a 4500
008 111204s9999 xx 000 0 mal d
100 |a Karthikeyan,Shornur 
245 |a Campus days  |c /Karthikeyan,Shornur 
260 |b Pen Books,  |c 2007. 
300 |a 260p. 
942 |c BK 
999 |c 230975  |d 230975 
952 |0 0  |1 0  |2 ddc  |4 0  |6 854_630000000000000_92_CAM  |7 0  |9 255735  |a MAL  |b MAL  |c ST1  |d 2012-07-02  |g 150.00  |l 0  |o 854.630 92 CAM  |p MAL31661  |r 2015-04-13  |w 2015-04-13  |y BK